De sacramento matrimonii
Gespeichert in:
| 1. Verfasser: | |
|---|---|
| Format: | Buch |
| Sprache: | Latein |
| Veröffentlicht: |
Roma
Sabaudia
1895
|
| Ausgabe: | 1a. ed |
| Schlagworte: | |
| Tags: |
Tag hinzufügen
Keine Tags, Fügen Sie den ersten Tag hinzu!
|
MARC
| LEADER | 00000cam a2200000 a 4500 | ||
|---|---|---|---|
| 001 | UCD3156 | ||
| 003 | CL-VaPUC | ||
| 008 | 160526e18950000it |||||||||||||||||lat|d | ||
| 082 | 0 | 4 | |a 234.165 |b ROS |2 21 |
| 100 | 0 | |a Rosset, Michaele |e author |9 586522 | |
| 245 | 1 | 0 | |a De sacramento matrimonii |
| 250 | |a 1a. ed | ||
| 300 | |a t | ||
| 942 | |c BK | ||
| 945 | |d 20160526 21:26:00 |a dcastane | ||
| 260 | |a Roma |b Sabaudia |c 1895 | ||
| 650 | 0 | |a Sacramentos |9 257270 | |
| 650 | 7 | |a MATRIMONIO |2 CL-VaPUC |9 586523 | |
| 583 | |a last modification |c 20160526 21:26:00 |k Rodrigo Vera | ||
| 999 | |c 364213 |d 364211 | ||
| 952 | |0 0 |1 0 |3 erd |4 0 |6 234_165000000000000_ROS_1895 |7 0 |8 X |9 477187 |a BIBTEO |b BIBTEO |c TEO_FFR |h t.1 |i 5232511 |o 234.165 ROS 1895 |p 5232511 |r 2024-01-18 |w 2019-11-24 |y BK_X |z Catalogado en:20160526 |k OFM | ||
| 952 | |0 0 |1 0 |3 erd |4 0 |6 234_165000000000000_ROS_1895 |7 0 |8 X |9 477188 |a BIBTEO |b BIBTEO |c TEO_FFR |h t.2 |i 523252K |o 234.165 ROS 1895 |p 523252K |r 2024-01-18 |w 2019-11-24 |y BK_X |z Catalogado en:20160526 |k OFM | ||
| 952 | |0 0 |1 0 |3 erd |4 0 |6 234_165000000000000_ROS_1895 |7 0 |8 X |9 477189 |a BIBTEO |b BIBTEO |c TEO_FFR |h t.3 |i 5232538 |o 234.165 ROS 1895 |p 5232538 |r 2024-01-18 |w 2019-11-24 |y BK_X |z Catalogado en:20160526 |k OFM | ||
| 952 | |0 0 |1 0 |3 erd |4 0 |6 234_165000000000000_ROS_1895 |7 0 |8 X |9 477190 |a BIBTEO |b BIBTEO |c TEO_FFR |h t.4 |i 5232546 |o 234.165 ROS 1895 |p 5232546 |r 2024-01-18 |w 2019-11-24 |y BK_X |z Catalogado en:20160526 |k OFM | ||
| 952 | |0 0 |1 0 |3 erd |4 0 |6 234_165000000000000_ROS_1895 |7 0 |8 X |9 477191 |a BIBTEO |b BIBTEO |c TEO_FFR |h t.5 |i 5232554 |o 234.165 ROS 1895 |p 5232554 |r 2024-01-18 |w 2019-11-24 |y BK_X |z Catalogado en:20160526 |k OFM | ||
| 952 | |0 0 |1 0 |3 erd |4 0 |6 234_165000000000000_ROS_1895 |7 0 |8 X |9 477192 |a BIBTEO |b BIBTEO |c TEO_FFR |h t.6 |i 5232562 |o 234.165 ROS 1895 |p 5232562 |r 2024-01-18 |w 2019-11-24 |y BK_X |z Catalogado en:20160526 |k OFM | ||